[Event "CAN-ch U20 2003"]
[Site "Shawinigan CAN"]
[Date "2003.01.06"]
[Round "7.7"]
[White "Kraiouchkine, Nikita"]
[Black "Labrecque, Jason"]
[Result "0-1"]
[WhiteElo "1262"]
[BlackElo "1515"]
[PlyCount "98"]
[EventDate "2003.01.03"]
[EventType "swiss"]
[EventRounds "7"]
[EventCountry "CAN"]

1. c4 Nf6 2. Nc3 g6 3. g3 Bg7 4. Bg2 O-O 5. d3 c6 6. e4 d6 7. Be3 Ng4 8. Qd2
Nxe3 9. Qxe3 Na6 10. a3 f5 11. Nge2 fxe4 12. Bxe4 Nc5 13. Bg2 Bf5 14. Rd1 Bxc3+
15. Nxc3 Qb6 16. d4 Nd7 17. b4 Rae8 18. O-O Nf6 19. h3 Bc8 20. Qh6 Qa6 21. b5
Qxa3 22. Qd2 Qb3 23. bxc6 bxc6 24. Bxc6 Bd7 25. Bxd7 Nxd7 26. Qd3 Qb7 27. d5
Nc5 28. Qd4 Qd7 29. Kg2 a5 30. Rb1 a4 31. Nb5 Rb8 32. Na3 Rb3 33. Rxb3 axb3 34.
Rb1 Qf5 35. Re1 Qf3+ 36. Kg1 Nd3 37. Rf1 Qe2 38. Qe3 Qxe3 39. fxe3 Rxf1+ 40.
Kxf1 Ne5 41. Ke2 b2 42. e4 Kf7 43. Kd1 Nxc4 44. Nb1 h5 45. Kc2 Ne3+ 46. Kd3 Nf1
47. g4 hxg4 48. hxg4 Kf6 49. Ke2 Nh2 0-1

[Event "Eric Lawson ben."]
[Site "Montreal CAN"]
[Date "2002.12.20"]
[Round "1"]
[White "Kraiouchkine, Nikita"]
[Black "Panayotov, Ivo"]
[Result "0-1"]
[WhiteElo "1262"]
[BlackElo "1555"]
[PlyCount "62"]
[EventDate "2002.12.20"]
[EventType "swiss"]
[EventRounds "4"]
[EventCountry "CAN"]

1. c4 Nf6 2. Nc3 e5 3. g3 d5 4. cxd5 Nxd5 5. Bg2 c6 6. d4 Nxc3 7. bxc3 exd4 8.
cxd4 Bb4+ 9. Kf1 Bc3 10. Rb1 Qxd4 11. Qb3 O-O 12. Nf3 Qf6 13. Bg5 Qg6 14. Be7
Re8 15. Rd1 Bf6 16. Rd6 Be6 17. Qxb7 Nd7 18. Bxf6 Qxf6 19. Rxc6 Qa1+ 20. Ne1
Reb8 21. Qa6 Rb1 22. Qa5 Rab8 23. Be4 Bh3+ 24. Bg2 Rxe1+ 25. Qxe1 Rb1 26. Bxh3
Rxe1+ 27. Kg2 Rxh1 28. Bxd7 g6 29. Rc8+ Kg7 30. Bc6 Qf1+ 31. Kf3 Rxh2 0-1

[Event "Eric Lawson ben."]
[Site "Montreal CAN"]
[Date "2002.12.21"]
[Round "2"]
[White "Marcotte, Daniel"]
[Black "Kraiouchkine, Nikita"]
[Result "0-1"]
[WhiteElo "923"]
[BlackElo "1262"]
[PlyCount "72"]
[EventDate "2002.12.20"]
[EventType "swiss"]
[EventRounds "4"]
[EventCountry "CAN"]

1. e4 e5 2. Nf3 Nc6 3. Bb5 a6 4. Ba4 d6 5. O-O Bd7 6. c3 Nge7 7. d4 h6 8. h3 g5
9. Re1 Bg7 10. g4 O-O 11. Bb3 Ng6 12. Be3 Nf4 13. Bxf4 gxf4 14. d5 Ne7 15. Nbd2
Kh8 16. Kh2 Ng6 17. Rg1 c6 18. c4 Qb6 19. Qe2 cxd5 20. cxd5 Rac8 21. g5 Rg8 22.
Nc4 Qc5 23. Rac1 Bb5 24. a4 Bxc4 25. Rxc4 Qb6 26. Rxc8 Rxc8 27. Bc4 Qb4 28. b3
b5 29. axb5 axb5 30. Bxb5 Qxb3 31. Bd3 Rc3 32. Nd2 f3 33. Qxf3 Rxd3 34. Qxf7
Rxh3+ 35. Kg2 Nh4+ 36. Kf1 Qd1# 0-1

[Event "Eric Lawson ben."]
[Site "Montreal CAN"]
[Date "2002.12.21"]
[Round "3"]
[White "Kraiouchkine, Nikita"]
[Black "Truong, David"]
[Result "1-0"]
[WhiteElo "1262"]
[BlackElo "1152"]
[PlyCount "91"]
[EventDate "2002.12.20"]
[EventType "swiss"]
[EventRounds "4"]
[EventCountry "CAN"]

1. c4 Nf6 2. Nc3 e6 3. g3 d5 4. cxd5 exd5 5. Bg2 c6 6. d4 Bb4 7. Qb3 Qb6 8. e3
Bf5 9. Bd2 Bd3 10. Nxd5 Bxd2+ 11. Kxd2 Nxd5 12. Qxb6 Nxb6 13. Kxd3 O-O 14. Ne2
Rd8 15. Nf4 N8d7 16. Rac1 f5 17. Ne6 Ne5+ 18. Ke2 Rd6 19. Nc5 Nec4 20. Nxb7 Re6
21. b3 Na3 22. Bxc6 Rc8 23. Bd5 Kf8 24. Rxc8+ Nxc8 25. Rc1 Nb6 26. Bg2 g5 27.
Rc7 h6 28. d5 Nb5 29. Rc5 Nd6 30. Rc6 Nbc8 31. Kd3 Ke8 32. Nxd6+ Nxd6 33. Kd4
Kd7 34. a4 a5 35. Kc5 Nb7+ 36. Kb5 Rxc6 37. dxc6+ Kc8 38. cxb7+ Kb8 39. Kxa5 f4
40. exf4 gxf4 41. gxf4 h5 42. f5 h4 43. f6 Ka7 44. f7 h3 45. f8=Q hxg2 46. Qa8#
1-0

[Event "Eric Lawson ben."]
[Site "Montreal CAN"]
[Date "2002.12.22"]
[Round "4"]
[White "Lawson, Jonathan"]
[Black "Kraiouchkine, Nikita"]
[Result "0-1"]
[WhiteElo "1741"]
[BlackElo "1262"]
[PlyCount "92"]
[EventDate "2002.12.20"]
[EventType "swiss"]
[EventRounds "4"]
[EventCountry "CAN"]

1. e4 e5 2. Nf3 Nc6 3. Bc4 Nf6 4. d3 d5 5. exd5 Nxd5 6. O-O Bg4 7. h3 Bh5 8.
Re1 Qd6 9. b3 O-O-O 10. Be3 Nxe3 11. Rxe3 Qg6 12. Nbd2 Bc5 13. Re1 f5 14. Qe2
Bb4 15. Kh1 e4 16. Nh4 Bxe2 17. Nxg6 hxg6 18. Rxe2 Nd4 19. Rae1 Nxe2 20. Rxe2
exd3 21. cxd3 Bxd2 22. Rxd2 Rhe8 23. Kh2 f4 24. a4 Re1 25. g3 f3 26. g4 Rde8
27. d4 Rd8 28. Kg3 c5 29. d5 Kc7 30. Kxf3 Rf8+ 31. Kg2 Kd6 32. Bd3 g5 33. Bf5
Re5 34. Be6 Rf4 35. Rc2 Rb4 36. Rc3 Re2 37. Rf3 Rf4 38. Rxf4 gxf4 39. Bf5 Kxd5
40. Bd3 Rb2 41. Bh7 Kd4 42. Bg8 g5 43. Kf3 a6 44. Bc4 b5 45. axb5 axb5 46. Bxb5
Rxb3+ 0-1

[Event "Premiere Neige U1400"]
[Site "Montreal CAN"]
[Date "2002.12.14"]
[Round "1"]
[White "Pilon, Denis"]
[Black "Kraiouchkine, Nikita"]
[Result "0-1"]
[WhiteElo "1226"]
[BlackElo "1282"]
[PlyCount "53"]
[EventDate "2002.12.06"]
[EventType "swiss"]
[EventRounds "5"]
[EventCountry "CAN"]

1. e4 e5 2. Nf3 Nc6 3. Bc4 Nf6 4. Nc3 Nxe4 5. Nxe4 d5 6. Bxd5 Qxd5 7. Nc3 Qd8
8. d3 Be6 9. h3 Qd7 10. O-O O-O-O 11. Ne4 f6 12. Ng3 g5 13. Be3 h5 14. Ne4 Be7
15. Nc5 Bxc5 16. Bxc5 g4 17. Nh2 gxh3 18. g3 Qd5 19. Qf3 Qxc5 20. Qxf6 Qd5 21.
Qf3 Rhf8 22. Qxd5 Bxd5 23. b3 Bg2 24. Rfe1 Rf7 25. Re2 Rdf8 26. Nf1 Nd4 27. Rd2
0-1

[Event "Titled Tuesday 2023.12.26 Late"]
[Site "chess.com INT"]
[Date "2023.12.26"]
[Round "8"]
[White "Kraiouchkine, Nikita"]
[Black "Tristan, L."]
[Result "1-0"]
[WhiteElo "2218"]
[BlackElo "2513"]
[PlyCount "125"]
[EventDate "2023.12.26"]
[EventType "swiss (blitz)"]
[EventRounds "11"]
[EventCountry "NET"]
[Source "Mark Crowther"]
[SourceDate "2024.01.01"]

1. e4 d5 2. exd5 Qxd5 3. Nc3 Qa5 4. d4 Nf6 5. Nf3 Bf5 6. Bd2 e6 7. Nb5 Qb6 8.
a4 c6 9. a5 Qd8 10. Na3 Be7 11. Nc4 O-O 12. c3 Nbd7 13. Be2 c5 14. O-O Rc8 15.
Nfe5 cxd4 16. cxd4 Ne4 17. Be3 Nxe5 18. Nxe5 Bb4 19. Qa4 Bd2 20. a6 bxa6 21.
Qxa6 Bxe3 22. fxe3 Qg5 23. Qa3 Rc2 24. Bf3 Nd2 25. Rf2 Rfc8 26. Re1 Rc1 27.
Rfe2 Qh4 28. g3 Nxf3+ 29. Nxf3 Qe4 30. Rxc1 Rxc1+ 31. Kf2 Bg4 32. Ne1 Bxe2 33.
Qxa7 Rc8 34. Kxe2 Qc6 35. Qa3 Qb5+ 36. Nd3 Qh5+ 37. Kd2 Qxh2+ 38. Kd1 Qc2+ 39.
Ke1 h6 40. Nf2 Qc1+ 41. Ke2 Rc2+ 42. Kf3 Qf1 43. Qa8+ Kh7 44. Qe4+ g6 45. Qxc2
h5 46. Qe2 Qb1 47. e4 Kg7 48. Kg2 Qa2 49. Nd3 Qc4 50. Qe3 Qc2+ 51. Kf3 Qd1+ 52.
Qe2 Qh1+ 53. Ke3 Qg1+ 54. Qf2 Qb1 55. b4 Qb3 56. Qb2 Qd1 57. b5 Qg1+ 58. Kd2
Qg2+ 59. Kc3 Qxe4 60. b6 Qc6+ 61. Nc5 e5 62. b7 exd4+ 63. Kc4 1-0